| 000 | 00565nam a2200181 i 4500 | ||
|---|---|---|---|
| 001 | 58935 | ||
| 003 | ES-MaACL | ||
| 005 | 20230906163925.0 | ||
| 007 | t| | ||
| 008 | 031024s1979 sp ||||1| spa d | ||
| 100 | 1 |
_aEcheverría, José Miguel. _946576 |
|
| 245 | 1 | 0 |
_aColeccionismo de escultura antigua / _cJosé Miguel Echeverría ; fotografías: Oronoz. |
| 260 |
_aLeón : _bEverest, _c[1979] |
||
| 300 |
_a175 p., 12 lám. : _bil. ; _c19 cm. |
||
| 700 | 2 |
_aOronoz (Estudio fotográfico) _9179422 |
|
| 852 |
_aES-MaACL _jA-10660 _bR.99648 |
||
| 999 |
_c58935 _d58935 |
||